000
00263nam a22001097a 4500
082
_a
620 UPS'S
100
_a
UPSON, A.R,BATCHELOR, J.H
_9
78271
245
_a
SYNCHRO ENGINEERING HANDBOOK
260
_a
LONDON
_b
HYTCHINSON
_c
1966
300
_a
XII, 235P
942
_c
BK
999
_c
583420
_d
583420